Statistics for Name the Official Language

Click here to take the quiz!

General Stats

  • This quiz has been taken 16 times
  • The average score is 105 of 199

Answer Stats

HintAnswer% Correct
Bahrain | Egypt | Jordan | +13 othersArabic
100%
Botswana
English
100%
Antigua and Barbuda | Australia | Bahamas | +26 othersEnglish
100%
Benin | Burkina Faso | Democratic Republic of the Congo | +10 othersFrench
100%
Austria | Germany | LiechtensteinGerman
100%
Argentina | Bolivia | Chile | +12 othersSpanish
100%
Angola | Brazil | Cape Verde | +4 othersPortuguese
93%
RussianRussian
93%
SurinameDutch
86%
GreeceGreek
86%
IranPersian
86%
Italy | San Marino | Vatican CityItalian
79%
AlbaniaAlbanian
71%
ArmeniaArmenian
71%
HungaryHungarian
71%
AzerbaijanAzerbaijani
57%
IsraelHebrew
57%
IndonesiaIndonesian
57%
JapanJapanese
57%
BangladeshBengali
50%
CroatiaCroatian
50%
DenmarkDanish
50%
EstoniaEstonian
50%
MalaysiaMalay
50%
PolandPolish
50%
SerbiaSerbian
50%
SlovakiaSlovak
50%
SwedenSwedish
50%
BulgariaBulgarian
43%
AndorraCatalan
43%
LatviaLatvian
43%
GeorgiaGeorgian
36%
NorwayNorwegian
36%
TurkeyTurkish
36%
CambodiaKhmer
29%
LithuaniaLithuanian
29%
Moldova | RomaniaRomanian
29%
SloveniaSlovene
29%
ThailandThai
29%
Myanmar (Burrma)Burmese
21%
BhutanDzongkha
21%
North KoreaKorean
21%
LaosLao
21%
NepalNepali
21%
UkraineUkrainian
21%
VietnamVietnamese
21%
MongoliaMongolian
14%
PakistanPakistan
14%
TurkmenistanTurkmen
14%
UzbekistanUzbek
14%
VanuatuEnglish
French
7%
Cameroon | CanadaEnglish
French
7%
IrelandIrish
English
7%
KazakhstanKazakh
Russian
7%
MontenegroMontenegrin
7%
AfghanistanPashto
Dari
7%
TajikistanTajik
7%
EritreaTigrinya
7%
EthiopiaAfar
Amharic
Oromo
Somali
Tigrinya
0%
South AfricaAfrikaans
English
Southern Ndebele
Sotho
Northern Sotho
Swazi
Tsonga
Tswana
Venda
Xhosa
Zulu
0%
KosovoAlbanian
Serbian
0%
ComorosArabic
Comorian
French
0%
SudanArabic
English
0%
Chad | DjiboutiArabic
French
0%
IraqArabic
Kurdish
0%
Algeria | MoroccoArabic
Tamazight
0%
BelarusBelarussian
Russian
0%
Bosnia and HerzegovinaBosnian
Croatian
Serbian
0%
ZimbabweChewa
Chibarwe
English
Kalanga
Khoisan
Nambya
Ndau
Ndebele
Shangani
Shona
Sign language
Sotho
Tonga
Tswana
Venda
Xhosa
0%
Czech RepublicCzech
Slovak
0%
MaldivesDhivehi
0%
BelgiumDutch
French
German
0%
NetherlandsDutch
Frisian
0%
MalawiEnglish
Chichewa
0%
FijiEnglish
Fijian
Fiji Hindi
0%
RwandaEnglish
French
Kinyarwanda
Swahili
0%
SeychellesEnglish
French
Seychellois Creole
0%
Papua New GuineaEnglish
Hiri Motu
Papua New Guinea Sign Language
Tok Pisin
0%
United KingdomEnglish
Irish
Ulster-Scots
Scots
Scottish Gaelic
Welsh
Pitcairnese
Guernésiais
French
Jerriais
Manx
0%
SingaporeEnglish
Malay
Mandarin Chinese
Tamil
0%
Cook IslandsEnglish
Maori
0%
MauritiusEnglish
Mauritian Creole
0%
New ZealandEnglish
New Zealand Sign Language
0%
PalauEnglish
Palauan
0%
UgandaEnglish
Swahili
0%
EswatiniEnglish
Swazi
0%
TokelauEnglish
Tokelauan
0%
TongoEnglish
Tongan
0%
NauruEnglish Nauruan
0%
PhilippinesFilipino
English
0%
FinlandFinnish
Swedish
0%
SwitzerlandFrench
German
Italian
Romansh
0%
LuxembourgFrench
German
Luxembourgish
0%
HaitiFrench
Haitian Creole
0%
BurundiFrench
Kirundi
English
0%
MadagascarFrench
Malagasy
0%
Equatorial GuineaFrench
Portuguese
Spanish
0%
Central African RepublicFrench
Sango
0%
CyprusGreek
Turkish
0%
IndiaHindi
English
0%
IcelandIcelandic
Icelandic Sign Language
0%
South KoreanKorean
Korean Sign Language
0%
KyrgystanKyrgyz
Russian
0%
North MacedoniaMacedonian
Albanian
0%
BruneiMalay
English
0%
MaltaMaltese
English
0%
China | TaiwanMandarin Chinese
0%
East TimorPortuguese
Tetum
0%
Sri LankaSinhala
Tamil
0%
LesothoSotho
English
0%
ParaguaySpanish
Guaraní
0%
EcuadorSpanish
Quechua
0%
PeruSpanish
Quechua
Aymara
Asháninka
0%
VenezuelaSpanish
Venezuelan Sign Language
0%
TuvaluTuvaluan
English
0%

Score Distribution

Percentile by Number Answered

Percent of People with Each Score

Your Score History

You have not taken this quiz